000 00448nam a2200157 4500
001 116254
003 ES-MaACL
005 20230906190652.0
007 t|
008 061121s1970 sp r ||||1| spa d
100 1 _aParkin, Frank.
_989188
245 1 0 _aEstratificación de clases en Sociedades Socialistas /
_cFrank Parkin.
260 _aAlgorta (Vizcaya) :
_bZero,
_c1970.
300 _a56 p. ;
_c17 cm.
852 _aES-MaACL
_jC-44400
_bR.74866
999 _c116254
_d116254